00355nam a2200133 a 450000100080000000500110000800800410001910000300006024500390009026000520012965300140018165300150019565300110021010155892017-07-12 1990 bl uuuu u0uu1 u #d1 aESPÍRITO SANTO (Estado). aManual do consumidor de alimentos. aVitória : Secretaria de Estado da Saúdec1990 aAlimentos aConsumidor aManual